000 00463nam a22001697a 4500
003 MPLRDC
005 20220104114643.0
008 210129b ||||| |||| 00| 0 eng d
082 _a480.8 GSJJ v.3
100 _a中国人民政治协商会议全国委员会文史资料研
245 _a工商经济史料丛刊. 第三辑
_c
250 _a一版一刷
260 _a
_b文史资料出版社
_c1984
300 _b
650 _a
942 _cBK
_o480.8 GSJJ v.3
999 _c9175
_d9165